Cómo desarrollar una práctica docente competitiva : (Registro nro. 342)
[ vista simple ]
| 000 -LEADER | |
|---|---|
| fixed length control field | 01643nam a2200253Ia 4500 |
| 003 - CONTROL NUMBER IDENTIFIER | |
| control field | PE SENCICO BE |
| 005 - DATE AND TIME OF LATEST TRANSACTION | |
| control field | 20251020182434.0 |
| 008 - FIXED-LENGTH DATA ELEMENTS--GENERAL INFORMATION | |
| fixed length control field | 200515s9999 xx 000 0 und d |
| 020 ## - INTERNATIONAL STANDARD BOOK NUMBER | |
| International Standard Book Number | 958-41-0185-4 |
| 040 ## - CATALOGING SOURCE | |
| Original cataloging agency | PE SENCICO BE |
| Transcribing agency | PE SENCICO BE |
| 041 ## - LANGUAGE CODE | |
| Language code of text/sound track or separate title | spa |
| 082 ## - DEWEY DECIMAL CLASSIFICATION NUMBER | |
| Classification number | 371.33 |
| Item number | P77 |
| 100 1# - MAIN ENTRY--PERSONAL NAME | |
| Personal name | Poole, Bernard J. |
| 9 (RLIN) | 2711 |
| Relator term | autor |
| 245 10 - TITLE STATEMENT | |
| Title | Cómo desarrollar una práctica docente competitiva : |
| Remainder of title | tecnología educativa / |
| Statement of responsibility, etc. | Bernard J. Poole |
| 250 ## - EDITION STATEMENT | |
| Edition statement | 2a ed. |
| 260 ## - PUBLICATION, DISTRIBUTION, ETC. | |
| Place of publication, distribution, etc. | Bogotá : |
| Name of publisher, distributor, etc. | McGraw-Hill ; |
| Date of publication, distribution, etc. | 2003 |
| 300 ## - PHYSICAL DESCRIPTION | |
| Extent | 390 p. : |
| Other physical details | il. ; |
| Dimensions | 16 x 23 cm. |
| 490 ## - SERIES STATEMENT | |
| Series statement | Docente del Siglo XXI |
| 505 0# - FORMATTED CONTENTS NOTE | |
| Formatted contents note | Lo que las investigaciones dicen sobre el uso de la tecnologia informática para la enseñanza y el aprendizaje -- El hardware informático para entornos educativos -- El software informático para microordenadores -- Los entornos informáticos educativos -- Le enseñanza gestionada por ordenador -- La enseñanza asistida por ordenador -- Los ordenadores y las comunicaciones -- La educación lineal. La enseñanza a distancia e Internet -- La educación multimedia -- la creación de aplicaciones informáticas para entornos educativos -- La financiación de proyectos -- Educación informática y sociedad -- Ética e informática: la invasión de la intimidad y las desigualdades asociados al uso de los ordenadores -- El delito informático: piratería de software -- Algunas reflexiones sobre la educación para la era de la información |
| 650 10 - SUBJECT ADDED ENTRY--TOPICAL TERM | |
| Topical term or geographic name entry element | Tecnología educativa |
| 9 (RLIN) | 1741 |
| 650 20 - SUBJECT ADDED ENTRY--TOPICAL TERM | |
| Topical term or geographic name entry element | Enseñanza asistida por computadora |
| 9 (RLIN) | 2712 |
| 650 20 - SUBJECT ADDED ENTRY--TOPICAL TERM | |
| Topical term or geographic name entry element | Tecnología de la información |
| 9 (RLIN) | 1088 |
| 942 ## - ADDED ENTRY ELEMENTS (KOHA) | |
| Koha item type | Libros |
| Source of classification or shelving scheme | Dewey Decimal Classification |
| Fecha de la última vez que lo usaron | Número de ingreso o de inventario | Pago total | Signatura topográfica completa | Código de barras | Precio efectivo desde | Tipo de documento | Estado perdido | Sistema de clasificación | Estado dañado | No es para préstamo | Retirado | Ubicación permanente | Ubicación actual | Fecha de adquisición |
|---|---|---|---|---|---|---|---|---|---|---|---|---|---|---|
| 15/05/2020 | 13746 | 371.33/P77/2001 | BibLima24110042 | 15/05/2020 | Libros | Dewey Decimal Classification | Biblioteca Central Lima | Biblioteca Central Lima | 15/05/2020 |